Missing Word: 'M' History Figures Quiz Stats

 Plays Quiz Updated Mar 13, 2015

Challenge
Share
Tweet
Embed
Score 0/30 Timer 04:00
3 Plays Today
Hint Answer % Correct
Nelson ____ - President of South AfricaMandela
96.4%
____ X - human rights activistMalcolm
95.8%
Claude ____ - impressionist painterMonet
93.5%
____ Antoinette - Queen of FranceMarie
92.6%
____ Zedong - PRC leaderMao
88%
Ho Chi ____ - Vietnamese revolutionaryMinh
84.5%
____ Gandhi - Indian independence leaderMohandas
80.5%
____ Aurelius - Roman emperorMarcus
75%
Ferdinand ____ - explorerMagellan
74.8%
____ Fillmore - US PresidentMillard
72.9%
Golda ____ - Prime Minister of IsraelMeir
71.2%
Herman ____ - authorMelville
69.9%
Imelda ____ - First Lady of the PhilippinesMarcos
68.6%
____ de Cervantes - authorMiguel
61.9%
____ Wollstonecraft - feminist writerMary
57.7%
Hint Answer % Correct
John ____ Keynes - economistMaynard
54.4%
____ Friedman - economistMilton
48.8%
____ Proust - authorMarcel
48.5%
____ II - Aztec emperorMoctezuma
43.8%
Elijah ____ - Nation of Islam leaderMuhammad
41.4%
Guglielmo ____ - inventorMarconi
41.4%
José de San ____ - Latin American revolutionaryMartín
40.1%
Niccolò ____ - Renaissance authorMachiavelli
40%
____ Foucault - philosopherMichel
25.4%
____ Kemal Atatürk - President of TurkeyMustafa
17.8%
Charles ____ - Frankish leaderMartel
16.2%
____ the Conqueror - Ottoman SultanMehmed
14.3%
Rigoberta ____ - human rights activistMenchú
10%
Mumtaz ____ - Mughal EmpressMahal
7.6%
____ Shikibu - authorMurasaki
4.2%

Today's Daily Dose

You're not logged in!

Compare scores with friends on all Sporcle quizzes.
OR
Log In

You Might Also Like...

Show Comments

Extras

Top Quizzes Today


Score Distribution

Your Account Isn't Verified!

In order to create a playlist on Sporcle, you need to verify the email address you used during registration. Go to your Sporcle Settings to finish the process.

Report this User

Report this user for behavior that violates our Community Guidelines.

Details: